Inglês - Statistics

Estatísticas Gerais
  • Esse quiz foi jogado 266 vezes
  • A pontuação média é 12 de 15
Estatísticas das Respostas
Hint Resposta % Correto
Cão Dog
100%
Dez Ten
100%
Ela She
99%
Fogo Fire
97%
Parque Park
94%
Princesa Princess
94%
Sorrir Smile
91%
Rua Street
90%
Quando When
89%
Luta Fight
88%
Boca Mouth
86%
Castelo Castle
84%
Grávida Pregnant
65%
Sofá Couch
39%
Gravata Necktie
18%
Nenhum quiz correspondente encontrado
Distribuição das Pontuações
Porcentagem de Pessoas com Cada Pontuação
Percentil de Números Respondidos
Sua Pontuação Histórica
Você não jogou esse quiz